00434nam a2200169Ia 4500003000900000008004100009040001600050080001500066100001700081245003500098250001200133260004800145300001400193650001900207650002000226650001800246IN-BaIIA211028s9999 xx 000 0 eng d cIIA Library a532.5bLAM aLamb, Horace 0aHydrodynamicscHorace Lamb  a3rd ed. aCambridgebCambridge University Pressc1906 axv, 634p. aFluid dynamics aFluid mechanics aHydrodynamics